00322 a2200133 450000100060000002000180000604000240002410000240004824000360007224500310010830000090013936200090014865000310015747459 a9788535632958 cAnchieta - Aquarius aModéré, Armelle10aMeu primeiro dia na escolalpor10aMeu primeiro dia na escola a35p.0 a2013 4aLiteratura infanto-juvenil